The American agricultural attaché. (Record no. 90061)

MARC details
000 -LEADER
fixed length control field 01022cam a22002891 4500
001 - CONTROL NUMBER
control field sd 57000005
003 - CONTROL NUMBER IDENTIFIER
control field DLC
005 - DATE AND TIME OF LATEST TRANSACTION
control field 20260227112736.0
008 - FIXED-LENGTH DATA ELEMENTS--GENERAL INFORMATION
fixed length control field 921016s1957 dcu f000 0 eng c
010 ## - LIBRARY OF CONGRESS CONTROL NUMBER
LC control number sd 57000005
035 ## - SYSTEM CONTROL NUMBER
System control number (OCoLC)26795078
040 ## - CATALOGING SOURCE
Original cataloging agency U.S. Dept. of State. Library
Transcribing agency DS
Modifying agency DS
-- DLC
042 ## - AUTHENTICATION CODE
Authentication code premarc
050 00 - LIBRARY OF CONGRESS CALL NUMBER
Classification number S21
Item number .Z55 1957
110 1# - MAIN ENTRY--CORPORATE NAME
Corporate name or jurisdiction name as entry element United States.
Subordinate unit Department of State.
245 14 - TITLE STATEMENT
Title The American agricultural attaché.
260 ## - PUBLICATION, DISTRIBUTION, ETC.
Place of publication, distribution, etc. [Washington,
Name of publisher, distributor, etc. U.S. Govt. Print. Off.,
Date of publication, distribution, etc. 1957]
300 ## - PHYSICAL DESCRIPTION
Extent 23 p.
Dimensions 23 x 10 cm.
490 1# - SERIES STATEMENT
Series statement United States Dept. of State. Publication
Volume/sequential designation 6422
490 1# - SERIES STATEMENT
Series statement Department and Foreign Service series,
Volume/sequential designation 61
650 #0 - SUBJECT ADDED ENTRY--TOPICAL TERM
Topical term or geographic name entry element Agricultural attachés.
650 #0 - SUBJECT ADDED ENTRY--TOPICAL TERM
Topical term or geographic name entry element Agriculture
Geographic subdivision United States.
650 #0 - SUBJECT ADDED ENTRY--TOPICAL TERM
Topical term or geographic name entry element Diplomatic and consular service, American.
650 #0 - SUBJECT ADDED ENTRY--TOPICAL TERM
Topical term or geographic name entry element Agricultural assistance, American.
830 #0 - SERIES ADDED ENTRY--UNIFORM TITLE
Uniform title Department of State publication ;
Volume/sequential designation 6422.
830 #0 - SERIES ADDED ENTRY--UNIFORM TITLE
Uniform title Department of State publication.
Name of part/section of a work Department and Foreign Service series ;
Volume/sequential designation 61.

No items available.

Powered by Koha